| 000 | 01231aam a2200361 i 4500 | ||
|---|---|---|---|
| 999 |
_c45617 _d45617 |
||
| 001 | 768714001 | ||
| 003 | CO-MdFUSB | ||
| 005 | 20201016093506.0 | ||
| 007 | ta | ||
| 008 | 200511t2002 enkac||| |||| 00| 0 eng d | ||
| 020 | _a0007131518 | ||
| 040 |
_bspa. _aCO-MdFUSB _cCO-MdFUSB _dCO-MdFUSBC _erda |
||
| 041 |
_aeng _hfre |
||
| 082 |
_223 _a294.337 _bD136 |
||
| 100 |
_aDalaï Lama XIV _eautor |
||
| 240 | _aLa vie, la mort, la renaissance | ||
| 245 | 1 | 4 |
_aThe spirit of peace _c/ Dalai Lama , Frédérique Hatier ; traducido por Dominique Side |
| 264 | 1 |
_aLondres : _bThorsons, _c[2002] |
|
| 264 | 4 | _c© 2002 | |
| 300 |
_a165 páginas _bilustraciones, retratos a color _c; 26 cm |
||
| 336 |
_atexto _btxt _2rdacontent |
||
| 337 |
_2rdamedia _asin mediación _bn |
||
| 338 |
_2rdacarrier _avolumen _bnc |
||
| 505 | _aEl océano de sabiduría - Tibet y la vida en exilio - El mundo hoy - Fe, ciencia y religión - El viaje interior - Vida, muerte y renacimiento | ||
| 563 | _aPasta dura | ||
| 650 | 0 |
_92052 _aPaz |
|
| 653 |
_aBudismo _a-- Tibet |
||
| 700 |
_93608 _aHatier, Frédérique. _eautor |
||
| 700 |
_93609 _aSide, Dominique. _etraductor |
||
| 942 | _cBK | ||
| 945 | _aJTF-925 | ||